| 000 | 00715pam a2200205 a 4500 | ||
|---|---|---|---|
| 020 | _a0671546449 | ||
| 082 | 0 | 0 |
_a158/.1 _bCAR _cn01,p190 |
| 100 | 1 |
_aCarnegie, Dale, _937163 |
|
| 245 | 1 | 0 |
_aHow to enjoy your life and your job : _bselections from How to win friends and influence people, and How to stop worrying and start living / _cby Dale Carnegie ; foreword by Dorothy Carnegie. |
| 260 |
_aNew York : _bSimon and Schuster, _cc1985. |
||
| 300 |
_a207 p. ; _c23 cm. |
||
| 500 | _aIncludes index. | ||
| 526 |
_a0 _b0 _c0 _d158_100000000000000_CAR |
||
| 650 | 0 | _aConduct of life. | |
| 650 | 0 |
_aNUST _96342 |
|
| 650 | 0 | _aSuccess. | |
| 650 | 0 |
_aWorry. _937164 |
|
| 700 | 1 | 2 |
_aCarnegie, Dale, _937163 |
| 942 |
_2ddc _cBK |
||
| 999 |
_c542070 _d542070 |
||